Statistiken für Ministerpräsidenten der deutschen Bundesländer (20.10.2020))

Klicken Sie hier um das Quiz zu spielen!

Allgemein

  • Dieses Quiz wurde 93 mal gespielt
  • Das Durchschnittsergebnis liegt bei 8 aus 16

Antwortstatistiken

BundeslandMinisterpräsident% Korrekt
BayernMarkus Söder
89%
Baden-WürttembergWinfried Kretschmann
70%
Nordrhein-WestfalenArmin Laschet
67%
BerlinMichael Müller
60%
HessenVolker Bouffier
60%
Rheinland-PfalzMalu Dreyer
55%
HamburgPeter Tschentscher
53%
NiedersachsenStephan Weil
53%
SaarlandTobias Hans
49%
Mecklenburg-VorpommernManuela Schwesig
48%
SachsenMichael Kretschmer
45%
ThüringenBodo Ramelow
42%
Schleswig-HolsteinDaniel Günther
37%
BrandenburgDietmar Woidke
36%
Sachsen-AnhaltReiner Haseloff
33%
BremenAndreas Bovenschulte
30%

Verteilung der Resultate

Perzentil nach korrekt beantworteten Fragen

Anzahl Personen mit jedem Resultat

Ihre Resultats-Entwicklung

Sie haben dieses Quiz noch nicht gespielt